Personalidad y obra de juan serra y vilaro /
Guardado en:
| Autor Principal: | |
|---|---|
| Formato: | Libro |
| Publicado: |
Cardona :
,
1956
|
| Materias: | |
| Etiquetas: |
Agregar Etiqueta
Sin Etiquetas, Sea el primero en etiquetar este registro!
|
| LEADER | 00476nam a22001575a 4500 | ||
|---|---|---|---|
| 001 | EHU.bham012421 | ||
| 003 | AR-BHAM | ||
| 005 | 20100223144403.0 | ||
| 008 | 130507s1956##################000#0#####d | ||
| 082 | 9 | 2 | |a 922 |
| 100 | 1 | |a Almagro Y Basch, Martin | |
| 245 | 1 | 0 | |a Personalidad y obra de juan serra y vilaro / |c Martin Almagro Y Basch |
| 260 | |a Cardona : |b , |c 1956 | ||
| 300 | |a 22p. | ||
| 653 | |a Biografias de religiosos | ||
| 859 | |a AR-BHAM |b BIB. HUMANIDADES - General |h 922 |i SE68a |p 1734.62 |t Ej.1 | ||
